Obchodní zákoník podle stavu k 20.4.1994

Na minha lista:
Detalhes bibliográficos
Formato: Livro
Idioma:tcheco
Publicado em: Ostrava SAGIT 1994
Edição:1. vyd.
Colecção:Úplné znění č. 21
Assuntos:
Tags: Adicionar Tag
Sem tags, seja o primeiro a adicionar uma tag!

MARC

LEADER 00000nam a2200000 4500
001 c010091
005 20221214074611.7
041 0 |a cze 
044 |a CZ 
245 1 0 |a Obchodní zákoník  |b podle stavu k 20.4.1994 
250 |a 1. vyd. 
264 1 |a Ostrava  |b SAGIT  |c 1994 
300 |a 96 s. 
490 1 |a Úplné znění  |v č. 21 
830 0 |a Úplné znění  |v č. 21 
610 2 0 |a zákonník obchodný 
610 2 0 |a Česko 
610 2 0 |a právo obchodné 
610 2 0 |a právo hospodárske